000 00959nam a22002897a 4500
003 0
005 20180723124333.0
008 0
010 _aB-109007
020 _c295.00
_a9780195672312
035 _aB-109007, B-109008, B-109008
037 _bCen Lib/Ret
040 _aDPL
_bEN
_c0
082 _a339.53
_bMAC
245 _aMacroeconomics and monetary policy :
_cedited by Montek S. Ahluwalia, Y.V. Reddy [and] S.S. Tarapore
_bissues for reforming economy /
260 _aNew Delhi
_c2002
_bOxford University Press
270 _bNew Delhi
_aYMCA building, jai singh road
_e110001
300 _axviii, 345p. :
_c21cm(pbk)
490 _a
500 _aIncludes bibliographical references and index
650 _aMicroeconomics
_987407
650 _aGrowth and inflation
_98967
700 _aAhluwalia, Montek S.
_98968
700 _aReddy, Y.V.
_98969
700 _aTarapore, S.S.
_98970
942 _2ddc
_cEN
_h339.53
_mMAC
999 _c124032
_d124032